| 000 | 00688nam a2200241Ia 4500 | ||
|---|---|---|---|
| 003 | OSt | ||
| 005 | 20221005114545.0 | ||
| 006 | a|||||r|||| 00| 0 | ||
| 007 | ta | ||
| 008 | 221004b |||||||| |||| 00| 0 ben d | ||
| 020 |
_a9788189834203 (hbk) _c150 |
||
| 024 | _a27280 | ||
| 037 |
_bM/2009/17, 14/03/2009, Mukta Dhara _cTextual |
||
| 040 |
_aCRL _cCRL _bben |
||
| 041 |
_2ben _aben |
||
| 082 | _aO157,8N262x, P7 | ||
| 100 |
_aGoswami Himanish _9626126 |
||
| 245 | 0 | _aAvidhanai panai | |
| 260 | _c2007 | ||
| 650 | _aBENGALI LITERATURE | ||
| 942 |
_hO157,8N262x, P7 _cTEXL _2cc |
||
| 999 |
_c1031685 _d1031685 |
||